000 00522nam a2200169 i 4500
001 55462
003 ES-MaACL
005 20230906163142.0
007 t|
008 030919s1975 sp ||||1| spa d
100 1 _aDérozier, Albert.
_9152216
245 1 0 _aEscritores políticos españoles
_b: (1789-1854) /
_cAlberto Derozier ; [traducción del prólogo, Manuel Moya].
260 _aMadrid :
_bTurner,
_c[1975]
300 _a332 p. ;
_c21 cm.
700 1 _aMoya, Manuel.
_983959
852 _aES-MaACL
_jL-6774
_bR.107575
999 _c55462
_d55462